MARC

LEADER 00000nam0a2200000 4500
001 193611
005 20231101224512.0
035 |a (RuTPU)RU\TPU\book\211155 
090 |a 193611 
100 |a 20110324d1981 km y0rusy50 ca 
101 0 |a rus 
102 |a RU 
105 |a a z 000zy 
200 1 |a Космические поселения или зачем человек обживает космос  |f Л. П. Маркелова, Н. П. Александров 
210 |a Тула  |c Приокское кн. изд-во  |d 1981 
215 |a 176 с.  |c ил. 
600 1 |a Циолковский  |g Константин Эдуардович  |b К. Э.  |c учёный и изобретатель  |c основоположник космонавтики  |f 1857-1935  |2 stltpush  |3 (RuTPU)RU\TPU\pers\1304 
600 1 |a Гагарин  |b Ю. А.  |c российский летчик-космонавт  |c Герой Советского Союза  |f 1934-1968  |g Юрий Алексеевич  |2 stltpush  |3 (RuTPU)RU\TPU\pers\50  |9 33 
606 1 |a Космические станции обитаемые  |2 stltpush  |3 (RuTPU)RU\TPU\subj\15866  |9 42071 
610 1 |a космонавтика 
610 1 |a космические поселения 
610 1 |a космические полеты 
610 1 |a межпланетное пространство 
610 1 |a человек 
675 |a 629.786  |v 3 
700 1 |a Маркелова  |b Л. П.  |g Лариса Павловна 
701 1 |a Александров  |b Н. П.  |g Николай Петрович 
801 1 |a RU  |b 63413507  |c 20110324 
801 2 |a RU  |b 63413507  |c 20200924  |g RCR 
942 |c BK